| 000 | 01728cam0 2200325 ib4500 | ||
|---|---|---|---|
| 001 | BY-MI0004-br26438 | ||
| 005 | 20260319112050.0 | ||
| 010 | ^a985-02-0721-3 | ||
| 035 | ^a(BY-MI0004)BY-MI0004-br26438 | ||
| 100 | ^a20160811d2004 u y0rusy50 ca | ||
| 101 | 0 | ^arus | |
| 102 | ^aBY | ||
| 105 | ^ay z 000 y | ||
| 109 | ^ama | ||
| 200 | 1 |
^aБелы каменчык ^eапавяданні і аповесць ^fЭдуард Луканскі |
|
| 210 |
^aМінск ^cМастацкая літаратура ^d2004 |
||
| 215 | ^a79 с. | ||
| 327 | 0 | ^aЗмест: аповесць: Няскончаны дзённік; апавяданні: Белы каменьчык; Шчаслівая; "Апасіяната"; Як мы сустракалі вясну; Марш-кідок; Слаўны мой дзядуля; Каб усе ахнулі; Шукаю гаспадара | |
| 606 |
^aПОВЕСТИ ^3BY-NLB-ar2735501 ^2DVNLB |
||
| 606 |
^aАПОВЕСЦІ ^3BY-NLB-ar2735500 ^2DVNLB |
||
| 608 |
^aДЕТСКАЯ И ЮНОШЕСКАЯ ЛИТЕРАТУРА (художеств. произведение) ^3BY-NLB-ar9019 ^2BYGNR |
||
| 608 |
^aДЗІЦЯЧАЯ І ЮНАЦКАЯ ЛІТАРАТУРА (мастацкі твор) ^3BY-NLB-ar9020 ^2BYGNR |
||
| 615 |
^aБелорусский национальный документ ^3BY-SEK-ar1826174 |
||
| 686 |
^a84(4Беі)6 ^2rubbk |
||
| 690 |
^a1 ^2Base ^9BY-MI0004 ^xRSEK |
||
| 700 | 1 |
^aЛуканскі ^bЭ. П. ^gЭдуард Пятровіч ^cпісьменнік ^cпапулярызатар ^3BY-SEK-229195 |
|
| 801 | 0 |
^aBY ^bBY-MI0004 ^gRCR ^c20160811 |
|
| 899 |
^aBY-MI0004 ^h84(4Беі) ^iЛ 84 |
||